Satellite communications / (Record no. 178715)
[ view plain ]
| 000 -LEADER | |
|---|---|
| fixed length control field | 01131 a2200193 4500 |
| 003 - CONTROL NUMBER IDENTIFIER | |
| control field | Nust |
| 005 - DATE AND TIME OF LATEST TRANSACTION | |
| control field | 20221216122758.0 |
| 010 ## - LIBRARY OF CONGRESS CONTROL NUMBER | |
| LC control number | 90040748 |
| 020 ## - INTERNATIONAL STANDARD BOOK NUMBER | |
| International Standard Book Number | 0442227450 |
| 040 ## - CATALOGING SOURCE | |
| Transcribing agency | Nust |
| 082 00 - DEWEY DECIMAL CLASSIFICATION NUMBER | |
| Classification number | 621.3825,AGA |
| 100 1# - MAIN ENTRY--PERSONAL NAME | |
| Personal name | Agarwal D.C. Dr. |
| 9 (RLIN) | 105065 |
| 245 10 - TITLE STATEMENT | |
| Title | Satellite communications / |
| Statement of responsibility, etc. | Dr D.C Agarwal and ( Revised ) A.K Maini |
| 260 ## - PUBLICATION, DISTRIBUTION, ETC. | |
| Place of publication, distribution, etc. | New Delhi: |
| Name of publisher, distributor, etc. | Khanna Pub, |
| Date of publication, distribution, etc. | c1991. |
| 300 ## - PHYSICAL DESCRIPTION | |
| Extent | xv, 576 p. : |
| Other physical details | ill. ; |
| Dimensions | 23 cm. |
| 505 ## - FORMATTED CONTENTS NOTE | |
| Formatted contents note | Principles of Satellite Communication (Page-1), Communication Satellite Link Design (Page-14), Satellite Analog Communication (Page-28), Digital Satellite Transmission (Page-46), Multiple Access Techniques (Page-61), Demand Assignment Multiple (Page-75), Spread Spectrum Technique and Code Division Multiple Access (Page-90), Satellite Program of India (Page-244), Laser Satellite Communication (Page-275), Satellite and Cable Transmission Systems (Page-295), Echo-Cancellation (Page-306), Speech coding Techniques (Page-315), Satellite Applications (Page-326), Satellites and Satellite Launch Vehicles (Page-364). |
| 650 #0 - SUBJECT ADDED ENTRY--TOPICAL TERM | |
| Topical term or geographic name entry element | Telecommunication engineering |
| 942 ## - ADDED ENTRY ELEMENTS (KOHA) | |
| Source of classification or shelving scheme | |
| Koha item type | Book |
| Withdrawn status | Lost status | Source of classification or shelving scheme | Damaged status | Not for loan | Permanent Location | Current Location | Shelving location | Date acquired | Full call number | Barcode | Date last seen | Price effective from | Koha item type | Public note |
|---|---|---|---|---|---|---|---|---|---|---|---|---|---|---|
| Military College of Signals (MCS) | Military College of Signals (MCS) | General Stacks | 12/12/2016 | 621.3825,AGA | MCS32364 | 12/08/2016 | 12/12/2016 | Book | Almirah No.37, Shelf No.5 |
